[Event "Nord West Cup 3rd"]
[Site "Oldenburg"]
[Date "2001.02.04"]
[Round "6"]
[White "Polenz, Frederik"]
[Black "Alich, Bjoern"]
[Result "1-0"]
[WhiteElo "1946"]
[BlackElo "1843"]
[PlyCount "71"]
[EventDate "2001.02.01"]
[EventType "swiss"]
[EventRounds "7"]
[EventCountry "GER"]
[SourceTitle "EXT 2010"]
[Source "ChessBase"]
[SourceDate "2010.11.25"]
[SourceVersion "1"]
[SourceVersionDate "2010.11.25"]
[SourceQuality "1"]

1. f4 d5 2. b3 Nf6 3. Bb2 g6 4. e3 Bg7 5. Nf3 Bg4 6. Be2 Bxf3 7. Bxf3 h5 8. 0-0 e6 9. c4 0-0 10. d4 Ne4 11. Nc3 f5 12. Qe1 c6 13. h3 Bf6 14. Nxe4 dxe4 15. Be2 c5 16. Ba3 cxd4 17. Bxf8 Qxf8 18. Rb1 d3 19. Bd1 Qa3 20. b4 Qxa2 21. Bb3 Qa6 22. c5 b5 23. g4 hxg4 24. hxg4 Nd7 25. gxf5 gxf5 26. Qg3+ Bg7 27. Qg6 Nf8 28. Qxf5 Qc6 29. Rf2 a5 30. bxa5 Rxa5 31. Rg2 Ra7 32. Kh1 Rf7 33. Qe5 Kh8 34. Rh2+ Kg8 35. Rg1 Re7 36. Qh5 1-0

[Event "Nord West Cup 3rd"]
[Site "Oldenburg"]
[Date "2001.02.03"]
[Round "5"]
[White "Alich, Bjoern"]
[Black "Kolthoff, Siegmund"]
[Result "0-1"]
[WhiteElo "1843"]
[BlackElo "2207"]
[PlyCount "68"]
[EventDate "2001.02.01"]
[EventType "swiss"]
[EventRounds "7"]
[EventCountry "GER"]
[SourceTitle "EXT 2002"]
[Source "ChessBase"]
[SourceDate "2001.11.25"]
[SourceVersion "1"]
[SourceVersionDate "2001.11.25"]
[SourceQuality "1"]

1. d4 d5 2. Nf3 c6 3. e3 Nf6 4. Bd3 g6 5. 0-0 Bg7 6. Nbd2 0-0 7. b3 a5 8. c4 Na6 9. Bb2 Be6 10. Ng5 Bg4 11. f3 Bd7 12. a3 c5 13. Re1 h6 14. Nh3 Bxh3 15. gxh3 e6 16. dxc5 Nxc5 17. Bf1 Nh5 18. Bxg7 Nxg7 19. b4 Nd7 20. Kh1 axb4 21. axb4 Qh4 22. e4 d4 23. e5 Nf5 24. Rxa8 Rxa8 25. Re4 Qe7 26. c5 Ne3 27. Qb1 Nd5 28. Qb2 Ra4 29. Rxd4 Nxe5 30. Bb5 Ra8 31. f4 Nc6 32. Bxc6 bxc6 33. Ne4 Qh4 34. Rxd5 Qe1+ 0-1